000 01239nac a22003377a 4500
001 BR8003922
003 BR-BrBNA
005 20240105114733.0
008 230509b bl.|||m| |||| 00| 0 por d
040 _aBR-BrBNA
_bpor
_cBiblioteca Nacional de Agricultura
072 _aF23; F24; F22
090 _aF23 BR8003922
100 1 _aMothci, E.P.
100 1 _aCamargo, M.N.
100 1 _aJacomine, P.K.T.
100 1 _aFreitas, F.G. de
100 1 _aCosta, A.M.R. da
110 1 _aServico Nacional de Levantamento e Conservacao de Solos, Rio de Janeiro, RJ (Brasil)
_99379
245 1 _aEstudo expedito de solos do estado do Rio de Janeiro para fins de classificacao, correlacao e legenda preliminar [Perfil do solo; Reconhecimento do solo; Analise do solo; Brasil]
260 3 _aRio de Janeiro, RJ (Brasil):
_c1980.
300 _a208 p.
490 _aBoletim Tecnico - Servico Nacional de Levantamento e Conservacao de Solos (Brazil)
_vno. 62
_xISSN 0100-123X
500 _a40 tables; 22 ref.
650 _aFISICA DO SOLO
650 _aQUIMICA DO SOLO
650 _aPERFIL DO SOLO
650 _aANALISE DO SOLO
650 _aRIO DE JANEIRO
909 _a202312
_bLúcia Elande
_c55
_dLúcia Elande
942 _2AGRIS
_n0
_cMS
999 _c271030
_d271030